|
|
|
|
| LEADER |
00000nam a22000007a 4500 |
| 005 |
20120705175916.0 |
| 007 |
cr|||| |||| |
| 008 |
120705s2010 po |||||s|||| 00||0 por d |
| 035 |
|
|
|a 6504
|
| 040 |
|
|
|a vLex
|
| 090 |
|
|
|c 3270
|d 3270
|
| 100 |
1 |
|
|a Ourique, Arnaldo
|
| 245 |
1 |
0 |
|a As Regie̳s Insulares nas Primeiras Constituiė̳s Portuguesas
|h [Recurso electrn̤ico] :
|b Constituiė̳s Liberais Monr̀quicas de 1822, 1826, 1838 e Primeira Constituiȯ̂ Republicana de 1911 /
|c Arnaldo Ourique
|
| 256 |
|
|
|a Servicio en ln̕ea
|
| 260 |
|
|
|a Lisboa :
|b Universidade de Lisboa,
|c 2010
|
| 300 |
|
|
|a 1 recurso electrn̤ico
|
| 506 |
1 |
|
|a Contenido solo disponible en los productos indicados
|d vLex Global
|d vLex Global (Academic Edition, excluding Law Schools)
|d vLex Global (U.S. Academic Edition, Law Schools)
|d vLex Global (U.S. Academic Edition, excluding Law Schools)
|d vLex Global (Academic Edition, Law Schools)
|
| 650 |
|
|
|a Derecho constitucional
|z Portugal
|
| 740 |
0 |
|
|a vLex Libros (Servicio en ln̕ea)
|
| 856 |
4 |
0 |
|u http://vlex.com/source/as-regioes-insulares-nas-primeiras-constitui-es-portuguesas-6504
|z Acceso restringido
|
| 942 |
|
|
|c BOOK
|
| 999 |
0 |
|
|a Constitucional law
|